Suomalaiset jääkiekon maailmanmestarit ja olympiavoittajat - Statistics

Yleistilastot
  • Tätä visaa on pelattu 457 kertaa
    194 viimeisimmän päivityksen jälkeen
  • Keskiarvotulos 72 / 123
Vastaustilastot
Vuosi Leijona % Oikein
oly Marko Anttila 12
91%
2011 Mikko Koivu 9
91%
2019 Marko Anttila 12
91%
2022 Marko Anttila 12
91%
1995 Saku Koivu 11
91%
oly Markus Granlund 60
89%
2011 Mikael Granlund 64
89%
2022 Mikael Granlund 64
89%
1995 Timo Jutila 5
85%
oly Leo Komarov 71
80%
2011 Leo Komarov 71
80%
oly Valtteri Filppula 51
78%
oly Atte Ohtamaa 55
78%
2022 Valtteri Filppula 51
78%
1995 Raimo Helminen 14
78%
2019 Atte Ohtamaa 55
78%
2022 Atte Ohtamaa 55
78%
oly Harri Pesonen 82
77%
1995 Jere Lehtinen 20
77%
2011 Janne Pesonen 20
77%
2019 Harri Pesonen 82
77%
2022 Harri Pesonen 82
77%
2022 Miro Heiskanen 41
76%
oly Sakari Manninen 65
75%
2019 Sakari Manninen 65
75%
2022 Sakari Manninen 65
75%
1995 Ville Peltonen 16
75%
oly Hannes Björninen 24
74%
oly Jussi Olkinuora 45
74%
2022 Hannes Björninen 24
74%
2019 Jussi Olkinuora 45
74%
2022 Jussi Olkinuora 45
74%
1995 Sami Kapanen 24
73%
2011 Niko Kapanen 39
73%
2011 Tuomo Ruutu 15
73%
oly Miro Aaltonen 15
72%
oly Harri Säteri 29
72%
2011 Juhamatti Aaltonen 50
72%
1995 Jarmo Myllys 35
72%
2022 Harri Säteri 29
72%
2019 Kevin Lankinen 30
71%
oly Mikko Lehtonen 4
69%
2019 Kaapo Kakko 24
69%
2019 Mikko Lehtonen 4
69%
2022 Mikko Lehtonen 4
69%
2022 Esa Lindell 23
69%
oly Teemu Hartikainen 70
66%
2022 Teemu Hartikainen 70
66%
1995 Petteri Nummelin 3
65%
2019 Veli-Matti Savinainen 19
65%
2019 Veini Vehviläinen 35
65%
oly Frans Tuohimaa 35
64%
oly Sami Vatanen 42
64%
2022 Frans Tuohimaa 35
64%
2022 Sami Vatanen 42
64%
2011 Lasse Kukkonen 5
63%
2022 Joel Armia 10
62%
2019 Juho Lammikko 91
62%
2022 Juho Lammikko 91
62%
1995 Jukka Tammi 30
60%
1995 Tero Lehterä 27
59%
oly Iiro Pakarinen 81
57%
2011 Ossi Väänänen 4
57%
2019 Oliwer Kaski 7
56%
1995 Janne Ojanen 8
56%
1995 Marko Kiprusoff 2
55%
oly Saku Mäenalanen 80
54%
2011 Jarkko Immonen 26
54%
2022 Saku Mäenalanen 80
54%
1995 Ari Sulander 31
53%
2011 Petri Vehanen 31
53%
oly Ville Pokka 2
52%
2022 Ville Pokka 2
52%
1995 Raimo Summanen 52
52%
2011 Jesse Joensuu 58
50%
2011 Antti Pihlström 40
50%
2019 Niko Mikkola 70
49%
2019 Jere Sallinen 76
49%
2022 Jere Sallinen 76
49%
oly Toni Rajala 25
48%
1995 Janne Niinimaa 6
48%
2019 Toni Rajala 25
48%
2022 Toni Rajala 25
48%
2011 Niko Hovinen 33
47%
2022 Jere Innala 21
47%
1995 Mika Nieminen 40
47%
oly Juuso Hietanen 38
45%
2019 Jani Hakanpää 58
45%
2022 Juuso Hietanen 38
45%
1995 Esa Keskinen 9
45%
2019 Henri Jokiharju 28
44%
1995 Antti Törmänen 15
44%
1995 Hannu Virta 23
44%
oly Niklas Friman 3
43%
2022 Niklas Friman 3
43%
2019 Kristian Kuusela 71
43%
2011 Anssi Salmela 28
43%
oly Petteri Lindbohm 40
42%
2019 Petteri Lindbohm 40
42%
2019 Eetu Luostarinen 27
42%
2011 Mika Pyörälä 37
42%
1995 Erik Hämäläinen 4
40%
2011 Topi Jaakola 6
40%
2011 Teemu Lassila 35
40%
2011 Petteri Nokelainen 29
40%
2022 Mikael Seppälä 50
38%
2011 Pasi Puistola 41
35%
2019 Joel Kiviranta 41
35%
2011 Jani Lajunen 24
35%
2011 Sami Lepistö 18
35%
1995 Marko Palo 13
35%
1995 Juha Ylönen 21
35%
2019 Miika Koivisto 50
33%
oly Niko Ojamäki 20
31%
2019 Niko Ojamäki 20
31%
1995 Mika Strömberg 26
31%
2011 Janne Lahti 47
30%
2011 Janne Niskala 21
30%
2019 Juhani Tyrväinen 21
29%
2011 Jyrki Välivaara 19
29%
2019 Arttu Ilomäki 15
23%
oly Joonas Nättinen 28
22%
oly Valtteri Kemiläinen 13
16%
Ehtoja vastaavia visoja ei löytynyt
Tulosjakauma
Jokaisen tuloksen saaneiden osuus
Persentiili vastausten määrän mukaan
Tuloshistoriasi
Et ole pelannut tätä visaa sen viimeisimmän päivityksen jälkeen